Non-Recognised Countries and Territories of the World - Sudden Death - Statistics

General Stats
  • This quiz has been taken 3,161 times
  • The average score is 12 of 16
Answers on the Grid
Answers color-coded by a green-red scale on the quiz's grid according to % correct below.
Vatican City
Palestine
Kosovo
Western Sahara
Taiwan
Greenland
Somaliland
Bahamas
Northern Cyprus
Hong Kong
Gibraltar
Falkland Islands
Andorra
Saint Vincent and the Grenadines
Saint Pierre and Miquelon
Saint Lucia
Saint Barthélemy
Samoa
Faroe Islands
Solomon Islands
Nauru
Niue
Anguilla
Singapore
Cocos (Keeling)
Islands
Togo
Tokelau
Tonga
Transnistria
Burundi
Monaco
East Timor
 
Answer Stats
Answer % Correct
Northern Cyprus
78%
Palestine
78%
Somaliland
78%
Transnistria
78%
Western Sahara
78%
Falkland Islands
77%
Cocos (Keeling)
Islands
76%
Faroe Islands
76%
Gibraltar
75%
Greenland
75%
Saint Barthélemy
75%
Saint Pierre and Miquelon
75%
Hong Kong
74%
Niue
74%
Tokelau
73%
Anguilla
71%
No matching quizzes found
Score Distribution
Percent of People with Each Score
Percentile by Number Answered
Your Score History
You have not taken this quiz